000 01160nam a2200253 a 4500
001 000713552
003 AM-YeHGA
005 20250617142802.0
008 100212s1980 ru |||||r|||||000|0|rus|d
040 _aAM-YeHGA
041 1 _arus
_hbul
245 0 0 _aВрожденные и приобретенные энзимопатии /
_cПод ред. Т. Ташева ; Пер. с болгарского И.П. Папазова.
260 _aМосква :
_bМедицина,
_c1980.
300 _a368 с. :
_bил., табл. ;
_c21 см.
504 _aБиблиогр. в конце ст.
534 _pОригинал на болг. :
_iВродени и придобити ензимопатии. -
_cСофия, 1976
650 1 4 _aВнутренние болезни
_xЭнзимология
650 1 4 _aОбмена веществ нарушения врожденные
_xЭнзимология
650 1 4 _aГормоны
_xБиосинтез
_xЭнзимология
650 1 4 _aИммуноферментный анализ
700 1 _aТашев, Т.
_eред.
_4edt
700 1 _aПапазов, И.П.
_eпер.
_4trl
090 _c265381
999 _c263751
_d263751